000
00278nam a2200097Ia 4500
008
230508s2012 xx 000 0 und d
041
_a
eng
100
_a
CHAUDHARIM.A./CHAUDHARI S.M.
245
_a
TRANSMISSION &DISTRIBUTION OFELECTRIC POWER
260
_b
NIRALI PRAKASHAN PUN
_c
2012
999
_c
326401
_d
326401